000
00345pam a2200157a 44500
008
230515b2010 xxu||||| |||| 00| 0 eng d
020
_a
NULL
041
_a
ENGLISH
082
_a
610.7362
100
_a
MS JISHA S JOHN
245
_a
CHILD HEALTH NURSING
250
_a
0
260
_a
_b
DR D Y PATIL
_c
2010
300
_a
118
650
_a
NULL
999
_c
531001
_d
531001